Dil aur pather(دل اور پتھر) (Record no. 8255)
[ view plain ]
| 000 -LEADER | |
|---|---|
| fixed length control field | 00608nam a2200193Ia 4500 |
| 001 - CONTROL NUMBER | |
| control field | 6714 |
| 003 - CONTROL NUMBER IDENTIFIER | |
| control field | OSt |
| 005 - DATE AND TIME OF LATEST TRANSACTION | |
| control field | 20150701102205.0 |
| 008 - FIXED-LENGTH DATA ELEMENTS--GENERAL INFORMATION | |
| fixed length control field | 140320s9999 xx 000 0 und d |
| 020 ## - INTERNATIONAL STANDARD BOOK NUMBER | |
| International Standard Book Number | 969-35-0773-8 |
| 040 ## - CATALOGING SOURCE | |
| Transcribing agency | PK-LaUMT |
| 082 ## - DEWEY DECIMAL CLASSIFICATION NUMBER | |
| Classification number | 891.4393 |
| Item number | RAZ-D |
| 100 ## - MAIN ENTRY--PERSONAL NAME | |
| Personal name | Razia Butt(رضیہ بٹ) |
| 245 ## - TITLE STATEMENT | |
| Title | Dil aur pather(دل اور پتھر) |
| Statement of responsibility, etc | Razia Butt(رضیہ بٹ) |
| 260 ## - PUBLICATION, DISTRIBUTION, ETC. (IMPRINT) | |
| Place of publication, distribution, etc | Lahore,Pakistan:(لاہور، پاکستان ) |
| Name of publisher, distributor, etc | Shafiq Publications, Shafiq Book Center,(شفیق پبلیکیشنز، شفیق بک سنڑ) |
| Date of publication, distribution, etc | 1998. |
| 300 ## - PHYSICAL DESCRIPTION | |
| Extent | 696 p. |
| 546 ## - LANGUAGE NOTE | |
| Language note | EN |
| 942 ## - ADDED ENTRY ELEMENTS (KOHA) | |
| Koha item type | Books |
| Source of classification or shelving scheme | Dewey Decimal Classification |
| Withdrawn status | Lost status | Damaged status | Not for loan | Home library | Current library | Date acquired | Total Checkouts | Total Renewals | Full call number | Barcode | Date last seen | Date checked out | Price effective from | Koha item type |
|---|---|---|---|---|---|---|---|---|---|---|---|---|---|---|
| UMT Main Campus | UMT Main Campus | 2014-03-20 | 5 | 1 | 891.4393 RAZ-D | 7732 | 2016-05-04 | 2016-04-02 | 2014-03-20 | Books |
